[Event "Teteven op 26th"]
[Site "Teteven"]
[Date "2011.08.18"]
[Round "6"]
[White "Pantev, Veselin"]
[Black "Daskalov, Emil"]
[Result "1-0"]
[WhiteElo "2377"]
[BlackElo "1951"]
[PlyCount "57"]
[EventDate "2011.08.13"]
[EventType "swiss"]
[EventRounds "9"]
[EventCountry "BUL"]
[SourceTitle "CBM 143 Extra"]
[Source "ChessBase"]
[SourceDate "2011.08.29"]
[SourceVersion "1"]
[SourceVersionDate "2011.08.29"]
[SourceQuality "1"]

1. d4 Nf6 2. Nf3 c6 3. c4 d5 4. Qb3 e6 5. g3 Ne4 6. Bg2 Qa5+ 7. Nbd2 Bb4 8. a3 Na6 9. Rb1 Nxd2 10. Nxd2 Be7 11. 0-0 0-0 12. e4 dxe4 13. Nxe4 Rd8 14. Be3 Nc7 15. Nc5 Qb6 16. Qc2 Ne8 17. b4 Qc7 18. Rfd1 b6 19. Ne4 Bb7 20. Bf4 Qd7 21. a4 h6 22. a5 Rac8 23. Nc5 Bxc5 24. dxc5 Qe7 25. cxb6 axb6 26. axb6 c5 27. Rxd8 Rxd8 28. Bxb7 Qxb7 29. bxc5 1-0

[Event "Teteven op 26th"]
[Site "Teteven"]
[Date "2011.08.17"]
[Round "5"]
[White "Daskalov, Emil"]
[Black "Bochev, Krasimir"]
[Result "1-0"]
[WhiteElo "1951"]
[BlackElo "2130"]
[PlyCount "95"]
[EventDate "2011.08.13"]
[EventType "swiss"]
[EventRounds "9"]
[EventCountry "BUL"]
[SourceTitle "CBM 143 Extra"]
[Source "ChessBase"]
[SourceDate "2011.08.29"]
[SourceVersion "1"]
[SourceVersionDate "2011.08.29"]
[SourceQuality "1"]

1. d4 Nf6 2. c4 g6 3. Nc3 Bg7 4. e4 d6 5. f3 0-0 6. Be3 Nbd7 7. Qd2 c5 8. Nge2 a6 9. Rd1 b6 10. Nc1 cxd4 11. Bxd4 Bb7 12. Be2 Ne5 13. b3 Qc7 14. Nd3 e6 15. 0-0 Rfd8 16. Na4 Nfd7 17. Be3 Rac8 18. Rc1 Bc6 19. Nab2 Qb8 20. Rfd1 Bb7 21. Nf2 Nc5 22. b4 Ncd7 23. f4 Nc6 24. Na4 Ba8 25. b5 Nc5 26. Nc3 Ne7 27. bxa6 d5 28. cxd5 exd5 29. Nxd5 Nxd5 30. exd5 Bxd5 31. Qb4 Bf8 32. Qb1 Qa7 33. Ng4 Bg7 34. Bf2 Be4 35. Rxd8+ Rxd8 36. Qb5 h5 37. Ne5 Bf8 38. Bc4 Bd5 39. h3 Qc7 40. a4 Bxc4 41. Qxc4 Rc8 42. Rd1 Ne6 43. Qxc7 Rxc7 44. Rd7 Rc1+ 45. Kh2 Ra1 46. a7 Rxa4 47. Bxb6 Bc5 48. Bxc5 1-0

[Event "Sofia Hemus op 10th"]
[Site "Sofia"]
[Date "2004.08.08"]
[Round "5"]
[White "Velchev, Hristo"]
[Black "Daskalov, Emil"]
[Result "1-0"]
[WhiteElo "2210"]
[BlackElo "2130"]
[PlyCount "80"]
[EventDate "2004.08.07"]
[EventType "swiss"]
[EventRounds "6"]
[EventCountry "BUL"]
[SourceTitle "CBM 101 Extra"]
[Source "ChessBase"]
[SourceDate "2004.09.01"]
[SourceVersion "2"]
[SourceVersionDate "2004.09.01"]
[SourceQuality "1"]

1. e4 c5 2. Nf3 d6 3. d4 cxd4 4. Nxd4 Nf6 5. Nc3 a6 6. h3 e6 7. g4 Be7 8. g5 Nfd7 9. h4 Nc6 10. Be3 Qc7 11. Qd2 Nde5 12. 0-0-0 0-0 13. f4 Nxd4 14. Qxd4 Nc6 15. Qd2 b5 16. Kb1 Bb7 17. Bd3 Na5 18. h5 Nc4 19. Bxc4 Qxc4 20. h6 g6 21. Bd4 Rfd8 22. Rhf1 b4 23. Na4 Qb5 24. Nb6 Rab8 25. Rfe1 e5 26. Bg1 exf4 27. Qxf4 Bxg5 28. Qf3 a5 29. Rf1 Qe8 30. Nd5 Bxd5 31. Rxd5 Bxh6 32. Bd4 a4 33. Qf6 Kf8 34. Qh8+ Ke7 35. Qxh7 Bf8 36. Bf6+ Kd7 37. Bxd8 Rxd8 38. Rxf7+ Be7 39. Ra5 Kc6 40. Rxe7 Qf8 1-0

[Event "Sofia op 3rd"]
[Site "Sofia"]
[Date "2004.04.24"]
[Round "2.6"]
[White "Andreev, Stanislav"]
[Black "Daskalov, Emil"]
[Result "0-1"]
[WhiteElo "2130"]
[BlackElo "2130"]
[PlyCount "102"]
[EventDate "2004.04.23"]
[EventType "swiss"]
[EventRounds "6"]
[EventCountry "BUL"]
[SourceTitle "CBM 100 Extra"]
[Source "ChessBase"]
[SourceDate "2004.07.06"]
[SourceVersion "2"]
[SourceVersionDate "2004.07.06"]
[SourceQuality "1"]

1. d4 Nf6 2. c4 c5 3. d5 d6 4. Nc3 g6 5. e4 Bg7 6. Nf3 0-0 7. Be2 Na6 8. 0-0 Bd7 9. Nd2 e5 10. dxe6 fxe6 11. e5 dxe5 12. Bf3 Qc7 13. Nde4 Bc6 14. Be3 Rad8 15. Qb3 b6 16. Nb5 Bxb5 17. cxb5 c4 18. Qa3 Nxe4 19. Bxe4 Nc5 20. Bxc5 Qxc5 21. Qxc5 bxc5 22. Rac1 Rd4 23. f3 Bh6 24. Rc3 Rb8 25. a4 Bd2 26. Rc2 Be3+ 27. Kh1 Rf8 28. Ra1 Rfd8 29. g3 Rb8 30. Bc6 Rd2 31. Rxd2 Bxd2 32. a5 c3 33. bxc3 Bxc3 34. Ra2 Bd4 35. b6 c4 36. b7 a6 37. Rc2 c3 38. Kg2 Kf7 39. f4 exf4 40. gxf4 Ke7 41. Kf3 Kd6 42. Be4 Kc5 43. Ke2 e5 44. f5 gxf5 45. Bxf5 Rxb7 46. Bc8 Ra7 47. Kd3 Kb4 48. Ra2 h6 49. h4 Kb5 50. h5 Rc7 51. Bf5 Kb4 0-1

[Event "Sofia Hemus op 03rd"]
[Site "Sofia"]
[Date "2004.03.06"]
[Round "2.1"]
[White "Daskalov, Emil"]
[Black "Petkov, Vladimir"]
[Result "1/2-1/2"]
[WhiteElo "2130"]
[BlackElo "2375"]
[PlyCount "89"]
[EventDate "2004.03.06"]
[EventType "swiss (rapid)"]
[EventRounds "6"]
[EventCountry "BUL"]
[SourceTitle "CBM 099 Extra"]
[Source "ChessBase"]
[SourceDate "2004.05.04"]
[SourceVersion "1"]
[SourceVersionDate "2004.05.04"]
[SourceQuality "1"]

1. e4 c5 2. Nf3 d6 3. d4 cxd4 4. Nxd4 Nf6 5. Nc3 a6 6. Be2 e5 7. Nb3 Be7 8. Be3 0-0 9. Qd2 b5 10. f3 Be6 11. 0-0 Nbd7 12. Rfd1 Qc7 13. Rac1 Nb6 14. Kh1 Rac8 15. a3 Rfd8 16. Qe1 d5 17. exd5 Nbxd5 18. Nxd5 Nxd5 19. Bd2 Nb6 20. Ba5 Rxd1 21. Rxd1 Qxc2 22. Na1 Qc6 23. Bd3 Nc4 24. Bc3 f6 25. Qh4 h6 26. Bxc4 Bxc4 27. Qf2 Bc5 28. Qd2 e4 29. fxe4 Qxe4 30. Re1 Qf5 31. Nc2 Bd5 32. Ne3 Bxe3 33. Qxe3 Rc4 34. Kg1 Rg4 35. g3 h5 36. Rf1 Qg6 37. Rf4 h4 38. Rxg4 Qxg4 39. Kf2 h3 40. Ke1 Qf5 41. Kd2 Be4 42. Ke2 Kh7 43. Qf4 Qe6 44. Kf2 Bc6 45. Qh4+ 1/2-1/2